01427nam a2200169Ia 4500001001300000003001000013008004100023040002500064041000700089100001800096245008200114250001100196260002800207300001200235500094500247650006501192b6227-44038 IT-MiCISF161014s9999||||xx |||||||||||||| ||und|| aIT-MiCISFcIT-MiCISF ait aFerrero Bruno 0aI vostri figli hanno soltanto voi!bSolo l'educazione può cambiare il mondo a1a ed. a TorinobElledicic2007 app. 223 a / famiglia, funzione-famiglia, vita-familiare, funzionamento-familiare, educazione, educazione-familiare, educazione-morale, educazione-religiosa, valori, educazione-bambini, scuola, rapporti-genitori-figli, affettività / L'A. - salesiano, autore di molti libri a contenuto educativo - in questo libro va sommessamente controcorrente rispetto all'attuale sentimento di forte critica e sfiducia nei confronti della famiglia . Suggerisce linee di intervento educativo semplici e praticabili da tutti, con totale simpatia e solidarietà per i genitori. I genitori non devono avere paura, non devono sentirsi inadeguati, anche se esistono alcuni pilastri che reggono la costruzione della famiglia che spesso hanno bisogno di una revisione. E' molto utile allora fermarsi e riflettere sui principali punti di riferimento dell'amore familiare: sono quelle piccole cose che trasformano lo "stare insieme" nel piacere più profondo della vita. a Genitorialità e problemi educativi / genitorialitàe004